Todos somos consumidores : comentarios y ejemplos de la ley 24.240 /
Guardado en:
| Formato: | Libro |
|---|---|
| Publicado: |
Buenos Aires :
Adelco,
1995
|
| Materias: | |
| Etiquetas: |
Agregar Etiqueta
Sin Etiquetas, Sea el primero en etiquetar este registro!
|
| LEADER | 01299nam a22001815a 4500 | ||
|---|---|---|---|
| 001 | CEM.cems012423 | ||
| 005 | 20070328183256.0 | ||
| 008 | 130507s1995##################000#0#####d | ||
| 003 | CEMS | ||
| 082 | 0 | 4 | |a 640.73 |
| 245 | 0 | 0 | |a Todos somos consumidores : |b comentarios y ejemplos de la ley 24.240 / |c Adelco |
| 260 | |a Buenos Aires : |b Adelco, |c 1995 | ||
| 300 | |a 51 p. | ||
| 505 | 0 | |a Todos somos consumidores pero ... ¿cuáles son nuestros derechos? -- Los consumidores y la Constitución -- La Ley de Defensa al Consumidor -- ¿Quiénes son consumidores para la ley? -- La información y la salud de los consumidores -- Las condiciones de las ofertas y de las ventas -- Garantías -- La prestación de servicios -- El consumidor y los servicios públicos domiciliarios -- Las ventas domiciliarias, por correspondencia o por televisión -- Ventas a crédito -- Los contratos del consumidor y sus cláusulas -- La autoridad de aplicación de la ley -- Las acciones legales -- Las asociaciones de consumidores -- Arbitrajes -- Educación al consumidor -- Reglamentación de la Ley de Defensa del Consumidor -- Los tribunales de Menor Cuantía | |
| 653 | |a Educación al consumidor | ||
| 653 | |a Economía-hogar | ||
| 653 | |a Defensa del consumidor | ||
| 859 | |a CEMS |b BIB. CEMS - 11 de abril |h 640.73 |i Ac23 |p 23873.07 |t Ej.1 | ||
